| 000 | 01444cam a22002054a 4500 | ||
|---|---|---|---|
| 005 | 20250605163933.0 | ||
| 008 | 250528s ||||||||||||||||||||||||d | ||
| 035 | _a14774 | ||
| 040 |
_aGR-AtMCL _bgre _dGR-AtMCL _eAACR2 |
||
| 245 | 1 | _aIntroducing Social Psychology | |
| 250 | _a1st | ||
| 260 |
_bPenguin Books, _c1978 |
||
| 300 | _a496 | ||
| 520 | _aA general introduction to social psychology for students of the social sciences and all those whose training - be it in education, medicine or social work. Acknowledgements, Preface, Perspectives, Introduction, Social Psychology and Social Science, Evolution and Social Behavior, Cross-Cultural Perspectives, Social Interaction, The Development of Interpersonal Behavior, Communication In Interaction, Cooperation and Competition Between Individuals, Small Groups: I Structure and Leadership, Small Groups: II Processes and Products, Representations of the Social World, Interpersonal Attributions, The Nature and Measurement of Attitudes, Determinants of Attitudes and Attitude Change, The Structure of Our Views about Society, Interaction and the Social World, Social Behavior in Organizations, The Environment and Social Behavior, Language in Society, Intergroup Behavior: I Individualistic Perspectives, Intergroup Behavior: II Group Perspectives, References, Index. | ||
| 700 | 1 |
_aFraser Colin _9531 |
|
| 700 | 1 |
_aTajfel Henri _9532 |
|
| 942 | _cBK | ||
| 999 |
_c393 _d393 |
||